| 000 | 00467nam a22001697a 4500 | ||
|---|---|---|---|
| 020 | _a9780323680424 | ||
| 082 |
_a611.00222 _bNET |
||
| 100 |
_aNetter, Frank H. _9113522 |
||
| 245 |
_aNetter Atlas of Human Anatomy : _bClassic Regional Approach / _cFrank H. Netter |
||
| 250 | _a8th Edition. | ||
| 260 |
_aSingapore : _bElsevier, _c2023. |
||
| 300 |
_a556 p. ; _bill, _c28 cm. |
||
| 563 | _aPBK. | ||
| 650 | _aHuman anatomy | ||
| 650 | _aAnatomy | ||
| 942 |
_2ddc _cBK |
||
| 999 |
_c595197 _d595197 |
||